MARC

LEADER 00000nam0a2200000 4500
001 98426
005 20231031111326.0
035 |a (RuTPU)RU\TPU\book\105509 
090 |a 98426 
100 |a 20060619d1971 m y0rusy50 ca 
101 0 |a rus 
102 |a RU 
105 |a a j 001zy 
200 1 |a Механические свойства металлов  |e учебное пособие  |f Л. С. Мороз  |g Северо-Западный заочный политехнический институт 
210 |a Ленинград  |c Изд-во СЗПИ  |d 1971 
215 |a 179 с.  |c ил. 
320 |a Библиогр.: с. 177. 
610 1 |a металлы 
610 1 |a физические свойства 
610 1 |a механические свойства 
610 1 |a деформация 
610 1 |a разрушение 
610 1 |a остаточные напряжения 
610 1 |a прочность 
610 1 |a учебные пособия 
675 |a 621.7М01:53(075.4)  |v 3 
700 1 |a Мороз  |b Л. С.  |g Лев Соломонович 
712 0 2 |a Северо-Западный заочный политехнический институт  |2 stltpush  |3 (RuTPU)RU\TPU\col\2602 
801 1 |a RU  |b 63413507  |c 20060619  |g PSBO 
801 2 |a RU  |b 63413507  |c 20061202  |g PSBO 
942 |c BK